Coping with chronic fatigue syndrome : nine things you can do (Record no. 8658)

MARC details
000 -LEADER
fixed length control field 00525nam a22001577a 4500
008 - FIXED-LENGTH DATA ELEMENTS--GENERAL INFORMATION
fixed length control field 210304b ||||| |||| 00| 0 eng d
020 ## - INTERNATIONAL STANDARD BOOK NUMBER
International Standard Book Number 8172245882
082 ## - DEWEY DECIMAL CLASSIFICATION NUMBER
Classification number 616 FRI
100 ## - MAIN ENTRY--PERSONAL NAME
Personal name Friedberg, Fred
245 ## - TITLE STATEMENT
Title Coping with chronic fatigue syndrome : nine things you can do
260 ## - PUBLICATION, DISTRIBUTION, ETC.
Place of publication, distribution, etc. Oakland, CA :
Name of publisher, distributor, etc. New Harbinger Publications,
Date of publication, distribution, etc. 1997.
300 ## - PHYSICAL DESCRIPTION
Extent 166 p.
Dimensions 23 cm.
500 ## - GENERAL NOTE
General note Includes bibliographical references (p. [163]-166).
650 ## - SUBJECT ADDED ENTRY--TOPICAL TERM
Topical term or geographic name entry element Chronic fatigue syndrome. Fatigue. Chronic diseases.
942 ## - Added entry Elements (Koha)
Source of classification or shelving scheme Dewey Decimal Classification
Holdings
Withdrawn status Lost status Source of classification or shelving scheme Damaged status Not for loan Collection code Home library Current library Shelving location Date acquired Serial Enumeration / chronology Total Checkouts Full call number Barcode Date last seen Price effective from Koha item type
    Dewey Decimal Classification     Main TEST RTC Library RTC Library Main opac 04/03/2021 14929   616 FRI 30014369 04/03/2021 04/03/2021 Main
Royal Thimphu College || All Right Reserved